000 00801cam a2200229 a 4500
001 15067945
005 20250603150413.0
008 071102s2008 miua b 001 0 eng
020 _a9780801026591 (pbk.)
050 0 0 _aBV2061.3
_b.S75 2008
082 0 0 _a266
_222
100 1 _aSteffen, Tom A.,
_d1947-
245 1 0 _aEncountering missionary life and work :
_bpreparing for intercultural ministry /
_cTom Steffen and Lois McKinney Douglas.
260 _aGrand Rapids, MI :
_bBaker Academic,
_cc2008.
300 _axxi, 390 p. :
_bill. ;
_c23 cm.
650 0 _aMissions.
650 0 _aMissionaries.
650 0 _aChristianity and culture.
700 1 _aDouglas, Lois McKinney,
_d1931-
856 4 1 _3Table of contents only
_uhttp://www.loc.gov/catdir/toc/ecip084/2007045046.html
942 _2lcc
_cBK
_n0
999 _c6220
_d6220